00983nam a2200265Ia 4500008004100000020002200041050001700063050001400080245001600094245005500110245005300165260001600218260002100234260000900255300001600264300002000280300001100300500002000311650007600331650004700407650005300454650007000507999001900577952012100596160404s9999 xx 000 0 und d a978-971-27-1933-2 aFIL HD 57.7  b.B58 2007 aBlue way :  bcase studies on leadership, strategy, and ethics / cedited by Joseph, I.B. Gonzales & Jonathan Chua. aPasig City: bAnvil Pub. Inc., c2007 a358 pages : billustrations ; c23 cm. aIncludes index. aLeadership -- Moral and ethical aspects -- Philippines -- Case studies. aManagement -- Philippines -- Case studies. xBusiness ethics -- Philippines -- Case studies. xSocial responsibility of business -- Philippines -- Case studies. c293254d293254 001040aSMCbSMCcFILd2011-02-14g375.00l0oFIL HD 57.7 .B58 2007pSMC05472r2016-04-04 00:00:00w2016-04-04yBK